000 00289nam a22001217a 4500
008 180605b xxu||||| |||| 00| 0 eng d
041 _aeng
080 _a043.3
100 _a0
101 _aSHKI-BA
245 _aResponsive Web Designs Mobile Webs Mobile App
_cIdrizi, N
942 _2udc
_cBK
999 _c46360
_d46360